| 000 | 00883nam a22002897a 4500 | ||
|---|---|---|---|
| 003 | CHAP | ||
| 005 | 20220329140514.0 | ||
| 008 | 971013s pl r 00010 eng d | ||
| 010 | _a52986 | ||
| 011 | _a53958 | ||
| 035 | _a58108 | ||
| 040 | _cCHAP | ||
| 090 | _aFolleto 13683 | ||
| 110 | 2 |
_aWarsaw Agricultural University. Faculty of Horticulture _9121123 |
|
| 245 | 1 | _aBiennial report | |
| 260 |
_aWarsaw : _bThe Faculty, _c19 - |
||
| 300 | _av. | ||
| 500 | _aLa biblioteca tiene: 1981-82 | ||
| 590 |
_aBATCH-UPD _b10 _c20130110 _lUCH01 _h0516 |
||
| 590 |
_aBATCH-UPD _b10 _c20130410 _lUCH01 _h0155 |
||
| 590 |
_aBATCH-UPD _b10 _c20130914 _lUCH01 _h1623 |
||
| 590 |
_aCONVERSION _b10 _c20130109 _lUCH01 _h1329 |
||
| 650 | 1 | 4 |
_aHorticultura _xInvestigación _xPolonia. _956348 |
| 901 | _aBK | ||
| 942 | _cFOLL | ||
| 949 |
_aFolleto 13683 _bBC _cFOLL _d-126200 _eTS1 _f1981-82 _i58108 _mD _si |
||
| 999 |
_c52986 _d52986 |
||